Psicología general
محفوظ في:
| المؤلف الرئيسي: | |
|---|---|
| التنسيق: | كتاب |
| اللغة: | الإسبانية |
| منشور في: |
Ciudad de México
UTEHA
1959
|
| سلاسل: | Manuales UTEHA, 2. Sección 8 psicología
|
| الموضوعات: | |
| الوسوم: |
إضافة وسم
لا توجد وسوم, كن أول من يضع وسما على هذه التسجيلة!
|
MARC
| LEADER | 00000nam a2200000 a 4500 | ||
|---|---|---|---|
| 001 | UCY5627 | ||
| 003 | CL-VaPUC | ||
| 008 | 950512e19591031MX |||||||||||||||||spa|d | ||
| 082 | 0 | 4 | |a 150 |b ERI |2 21 |
| 100 | 0 | |a Erismann, Theodor |e author |9 334610 | |
| 245 | 1 | 0 | |a Psicología general |
| 300 | |a 3 v | ||
| 942 | |c BK | ||
| 945 | |d 19950512 00:00:00 |a mfernand | ||
| 260 | |a Ciudad de México |b UTEHA |c 1959 | ||
| 650 | 0 | |a Psicología |9 257863 | |
| 650 | 0 | |a Conciencia |9 309452 | |
| 650 | 0 | |a Ética |9 255099 | |
| 650 | 7 | |a SENSACION |2 CL-VaPUC |9 334611 | |
| 650 | 0 | |a Conceptos morales |9 310606 | |
| 650 | 0 | |a Psicología profunda |9 334257 | |
| 650 | 7 | |a INCONSCIENTE |2 CL-VaPUC |9 334612 | |
| 650 | 0 | |a Subconsciente |9 334259 | |
| 650 | 7 | |a HOMBRE |2 CL-VaPUC |9 262149 | |
| 650 | 7 | |a PSICOLOGIA DE LA RELIGION |2 CL-VaPUC |9 310502 | |
| 650 | 0 | |a Percepción |9 266750 | |
| 650 | 0 | |a Personalidad |9 307255 | |
| 650 | 7 | |a CARACTERIOLOGIA |2 CL-VaPUC |9 334613 | |
| 650 | 0 | |a Voluntad |9 307812 | |
| 650 | 0 | |a Motivación |9 315362 | |
| 650 | 0 | |a Emociones |9 265224 | |
| 650 | 7 | |a PSICOLOGIA EXPERIMENTAL |2 CL-VaPUC |9 309015 | |
| 650 | 7 | |a EXPERIMENTACION |2 CL-VaPUC |9 334614 | |
| 583 | |a last modification |c 19950512 00:00:00 |k Rodrigo Vera | ||
| 490 | 0 | |a Manuales UTEHA, 2. Sección 8 psicología | |
| 999 | |c 233259 |d 233257 | ||
| 952 | |0 0 |1 0 |4 0 |6 150_000000000000000_ERI_1959 |7 0 |8 P |9 238661 |a BIBEDU |b BIBEDU |c BIBEDU_PB |d 2019-11-18 |h v.1 |i 1503448 |o 150 ERI 1959 |p 1503448 |r 2024-01-25 |w 2019-11-18 |y BK |k EDU | ||
| 952 | |0 0 |1 0 |4 0 |6 150_000000000000000_ERI_1959 |7 0 |8 P |9 238662 |a BIBEDU |b BIBEDU |c BIBEDU_PB |d 2019-11-18 |h v.2 |i 150343K |o 150 ERI 1959 |p 150343K |r 2024-01-25 |w 2019-11-18 |y BK |k EDU | ||
| 952 | |0 0 |1 0 |4 0 |6 150_000000000000000_ERI_1959 |7 0 |8 P |9 238663 |a BIBEDU |b BIBEDU |c BIBEDU_PB |d 2019-11-18 |h v.3 |i 1503405 |o 150 ERI 1959 |p 1503405 |r 2024-01-25 |w 2019-11-18 |y BK |k EDU | ||